00259nam a2200109Ia 4500008004100000100002100041245003000062260001900092260000900111546001200120999001700132170619s9999 xx 000 0 und d aProakis- John G. 0aDigital Signal Processing bNew Delhi: PHI c2003 aENGLISH c16681d16681